00714nam a22002057a 450000500170000001000150001702000260003203500130005803700130007108200110008410000160009524500540011126000380016527000420020330000350024550000500028094200250033099900170035595201360037220140425112619.0 aENG-109511 c995.00a9788125054511 aEN-93044 bDBAD/PUB a954.04 aMenon, V.P.00aIntegration of the Indian states /cby V.P. Menon aNew DelhibOrient Blakswan c2014 a1/24 Asaf Ali RoadbNew Delhie110002 axxxiv,500p. :c22cm(pbk)bill. aIncludes bibliographical references and index 2ddccENmMENh954.04 c82843d82843 001040718NFICaDBADbDBADd2014-03-03eDBAD/PUBg995.00l0o954.04 MENpEN-93044r2014-03-03 00:00:00t1v995.00w2014-03-03yEN